| 000 | 01022nam a22002777a 4500 | ||
|---|---|---|---|
| 001 | 6434 | ||
| 003 | FISKH | ||
| 005 | 20250826090615.0 | ||
| 008 | 250430b cb ||||| |||| 00| 0 eng d | ||
| 020 | _a9789814281317 | ||
| 040 |
_aFISKH _beng _cFISKH _dFISKH |
||
| 050 | _aPE1119 | ||
| 082 | _a428.6 | ||
| 100 | _aSmith, Annett | ||
| 245 |
_aDick whittington / _cRetold by Annett Smith ; Illustrated by Elise Fowler |
||
| 260 |
_aNelson Price : _bMilburn, _c2000. |
||
| 300 |
_a32 pages : _bcolor illustrations ; _c21 cm |
||
| 505 | _aK | ||
| 520 | _aDesigned for children learning to read, this book retells Dick Whittington in lively, natural language to help children develop the confidence to read alone. Level Four is suitable for children who are ready to read longer stories with a wider vocabulary. | ||
| 521 | 8 |
_a510
_bLexile adjusted |
|
| 521 | 8 |
_aK
_bRaz-Plus |
|
| 650 |
_aLadybird _vEnglish History |
||
| 700 |
_aFowler, Elise _eillustrator |
||
| 942 |
_2ddc _cBK _n0 |
||
| 999 |
_c6434 _d6434 |
||